Future London retail boom (Record no. 72768)

MARC details
000 -LEADER
fixed length control field 01176cam a2200217 4500
001 - CONTROL NUMBER
control field WB3920-05
008 - FIXED-LENGTH DATA ELEMENTS--GENERAL INFORMATION
fixed length control field 030527n2003 000 0 eng u
035 ## - SYSTEM CONTROL NUMBER
System control number (Sirsi) u122419
245 ## - TITLE STATEMENT
Title Future London retail boom
260 ## - PUBLICATION, DISTRIBUTION, ETC.
Date of publication, distribution, etc. 2003
490 ## - SERIES STATEMENT
Series statement Retail Property
Volume/sequential designation 23 May 2003, 1(1)
520 ## - SUMMARY, ETC.
Summary, etc. Research by CACI for the Greater London Authority predicts consumer expenditure to rocket by 2016, an increase of £35 billion from 2001 after stripping out the impact of inflation. The increase is partly explained by a forecast of 700 000 extra residents over the 15- year period with the inner boroughs having the highest projected population. London has missed out on the current retail development cycle but there are a number of massive schemes in the pipeline. Full research report is available at http://www.london.gov.uk/mayor/strategies/sds/related_pubs.jsp. CACI Press Release http://www.caci.co.uk/news-details41.htm
590 ## - LOCAL NOTE (RLIN)
Local note WB
650 ## - SUBJECT ADDED ENTRY--TOPICAL TERM
Topical term or geographic name entry element POPULATION GROWTH
650 ## - SUBJECT ADDED ENTRY--TOPICAL TERM
Topical term or geographic name entry element RETAIL DEVELOPMENT
650 ## - SUBJECT ADDED ENTRY--TOPICAL TERM
Topical term or geographic name entry element CONSUMER EXPENDITURE
650 ## - SUBJECT ADDED ENTRY--TOPICAL TERM
Topical term or geographic name entry element LONDON
650 ## - SUBJECT ADDED ENTRY--TOPICAL TERM
Topical term or geographic name entry element RETAIL SALES
690 ## - LOCAL SUBJECT ADDED ENTRY--TOPICAL TERM (OCLC, RLIN)
Topical term or geographic name as entry element PROPERTY-COMMERCIAL PROPERTY-RETAIL PROPERTY
942 ## - ADDED ENTRY ELEMENTS (KOHA)
Suppress in OPAC 0
Holdings
Withdrawn status Lost status Source of classification or shelving scheme Damaged status Not for loan Home library Current library Shelving location Date acquired Total Checkouts Full call number Barcode Date last seen Copy number Price effective from Koha item type
    Dewey Decimal Classification     London London News article 27/05/2003   WB3920-05 122419-1001 06/08/2019 1 06/08/2019 News article